LEADER 03557nam 2200565 450 001 9910453212203321 005 20200520144314.0 010 $a1-59756-586-5 035 $a(CKB)2550000001196917 035 $a(EBL)1886764 035 $a(SSID)ssj0001082718 035 $a(PQKBManifestationID)12492316 035 $a(PQKBTitleCode)TC0001082718 035 $a(PQKBWorkID)11098298 035 $a(PQKB)10412009 035 $a(MiAaPQ)EBC1886764 035 $a(Au-PeEL)EBL1886764 035 $a(CaPaEBR)ebr10901571 035 $a(OCoLC)865508944 035 $a(EXLCZ)992550000001196917 100 $a20140814h20122012 uy 0 101 0 $aeng 135 $aur|n|---||||| 181 $ctxt 182 $cc 183 $acr 200 00$aCochlear implants and other implantable hearing devices /$fedited by Michael J. Ruckenstein ; Robert B. A. Adamson [and forty others], contributors 210 1$aSan Diego, California ;$aOxfordshire, England :$cPlural Publishing,$d2012. 210 4$d©2012 215 $a1 online resource (449 p.) 300 $aDescription based upon print version of record. 311 $a1-59756-432-X 320 $aIncludes bibliographical references at the end of each chapters and index. 327 $aContents; Preface; Contributors; Chapter 1. History of Implantable Hearing Devices; Chapter 2. Designing and Building a Cochlear Implant Program; Chapter 3. Electrode Design for Cochlear Implantation; Chapter 4. Signal Processing Strategies for Cochlear Implants; Chapter 5. Cochlear Implant Candidate Selection; Chapter 6. Imaging of Cochlear Implantation; Chapter 7. Surgical Technique for Cochlear Implants in Adults; Chapter 8. Cochlear Implants: Surgical Techniques, Special Considerations - Pediatric and Malformed Cochleae 327 $aChapter 9. The Suprameatal Approach: An Alternative Surgical Technique for Cochlear ImplantationChapter 10. Hearing Preservation: Cochlear Implantation and Electroacoustic Stimulation; Chapter 11. Bilateral Cochlear Implantation; Chapter 12. Adult Cochlear Implant Programming: A Basic Introduction; Chapter 13. Pediatric Cochlear Implant Programming: A Basic Introduction; Chapter 14. Measuring Auditory Outcomes of Cochlear Implant Use in Children with Behavioral and Electrophysiologic Tests; Chapter 15. Treatment Outcomes of Adult Cochlear Implantation 327 $aChapter 16. Cochlear Implant-Mediated Perception of Environmental Sounds and MusicChapter 17. Cochlear Implantation: Reliability and Reimplantation; Chapter 18. Auditory Brainstem Implants; Chapter 19. Bone-Conduction Hearing Devices; Chapter 20. Bahaź Surgery: Evolution, Techniques, and Complications; Chapter 21. Middle Ear Implantable Hearing Devices: Present and Future; Appendix: Immunization for Cochlear Implant Recipients; Index 330 $aThis text will provide hearing professionals -- who are oftentimes ignorant of the fundamental indications for and benefits of hearing devices -- with the knowledge necessary to wholly understand these implantable mechanisms so that they can incorporate them into their practices. 606 $aCochlear implants 608 $aElectronic books. 615 0$aCochlear implants. 676 $a617.8/8220592 702 $aRuckenstein$b Michael J$g(Michael Jay),$f1960- 702 $aAdamson$b Robert B. A. 801 0$bMiAaPQ 801 1$bMiAaPQ 801 2$bMiAaPQ 906 $aBOOK 912 $a9910453212203321 996 $aCochlear implants and other implantable hearing devices$92047691 997 $aUNINA LEADER 01686nam0 22003973i 450 001 VAN00262663 005 20240806101509.771 017 70$2N$a9783662215630 100 $a20230830d1983 |0itac50 ba 101 $aeng 102 $aDE 105 $a|||| ||||| 200 1 $aDifferential Geometry in the Large$eSeminar Lectures New York University 1946 and Stanford University 1956$fHeinz Hopf 210 $aBerlin$cSpringer$d1983 215 $avii, 189 p.$d24 cm 461 1$1001VAN00102250$12001 $aLecture notes in mathematics$1210 $aBerlin [etc.]$cSpringer$v1000 606 $a53-XX$xDifferential geometry [MSC 2020]$3VANC019813$2MF 606 $a53Cxx$xGlobal differential geometry [MSC 2020]$3VANC024095$2MF 610 $aCurvature$9KW:K 610 $aDifferential geometry$9KW:K 610 $aGaussian curvature$9KW:K 610 $aGeometry$9KW:K 610 $aGlobal differential geometry$9KW:K 610 $aMean curvature$9KW:K 610 $aRiemannian manifolds$9KW:K 620 $dBerlin$3VANL000066 700 1$aHopf$bHeinz$3VANV217001$041921 712 $aSpringer $3VANV108073$4650 801 $aIT$bSOL$c20250307$gRICA 856 4 $uhttps://doi.org/10.1007/978-3-662-21563-0$zE-book ? Accesso al full-text attraverso riconoscimento IP di Ateneo, proxy e/o Shibboleth 899 $aBIBLIOTECA DEL DIPARTIMENTO DI MATEMATICA E FISICA$1IT-CE0120$2VAN08 912 $fN 912 $aVAN00262663 950 $aBIBLIOTECA DEL DIPARTIMENTO DI MATEMATICA E FISICA$d08DLOAD e-book 6514 $e08eMF6514 20230905 996 $aDifferential geometry in the large$979959 997 $aUNICAMPANIA